000 00874nam a2200229Ia 4500
001 15982
003 GE_BSU
008 181216s||||||||xx |||||||||||||| ||und||
040 _cGE_BSU
080 _a821.353.1-4
100 _aჯაფარიძე, რევაზ
245 _aალაზანი დიდია
245 _bწითელწყაროს რ-ნის სოფ. ჯაფარიძის კოლ-ბა
245 _cრედ.ვ.მადანი-ნიქაბაძე. მხ.რ.მაჭარაშვილი
260 _aთბილისი
260 _bსაბჭ. საქართველო
260 _c1981
300 _a78გვ. ; 16სმ
653 _aალაზანი დიდია
653 _aკოლმეურნეობები საქართველოში
942 _cBK
999 _c49075
_d49075